000 00520nam a2200169Ia 4500
005 20250424120250.0
008 250424s9999 xx 000 0 und d
022 _a21418349
050 _aHN 831.I58/
245 0 _aInternational journal of research in arts and social sciences.
260 _aNsukka, Nigeria
260 _bwww.academicexellencesociety.com
260 _c2018
300 _aviii, 349 p. :ill. ; 24 cm.
650 _aArts--Nigeria--Periodicals. Nigeria--Social conditions--Periodicals.
942 _cSR
999 _c38329
_d38329